000 00982cam a22002651 4500
001 hew63000111
003 DLC
005 20260227111512.0
008 720106s1963 dcu b f000 0 eng c
010 _ahew63000111
035 _a(OCoLC)191655
040 _aU.S. Dept. of Health, Education, and Welfare. Library
_cODaWU
_dOCoLC
_dISS
_dDLC
042 _apremarc
050 0 0 _aLB2349
_b.H3
086 0 _aFS 5.250:53019
100 1 _aHatch, Winslow Roper,
_d1908-
245 1 0 _aWhat standards do we raise?
260 _a[Washington]
_bU.S. Dept. of Health, Education, and Welfare, Office of Educaion;
_b[for sale by the Superintendent of Documents, U.S. Govt. Print. Off.,
_c1963]
300 _aiv, 28 p.
_c24 cm.
410 1 0 _aUnited States.
_bOffice of Education.
_bDivision of Higher Education.
_tNew dimensions in higher education,
_vno. 12
500 _a"OE-53019."
504 _aIncludes bibliographies.
650 0 _aEducation
_xStandards.
650 0 _aEducation, Higher.
999 _c34439
_d34439